| 000 | 00565nam a2200205 i 4500 | ||
|---|---|---|---|
| 001 | 95423 | ||
| 003 | ES-MaACL | ||
| 005 | 20230906181713.0 | ||
| 007 | t| | ||
| 008 | 050530s1970 sp ||||1| spa d | ||
| 100 | 1 |
_aLlanos, José María de. _972709 |
|
| 245 | 1 | 3 |
_aLa denuncia no violenta / _cJosé María de Llanos, S. J. |
| 260 |
_aAlgorta (Vizcaya) : _bZero, _c1970. |
||
| 300 |
_a82 p. ; _c17 cm. |
||
| 490 | 1 |
_aSerie D ; _v4 |
|
| 650 | 0 | 0 |
_aViolencia. _917812 |
| 830 | 1 |
_aSerie D ; _v4 _9232194 |
|
| 852 |
_aES-MaACL _jC-47144 |
||
| 999 |
_c95423 _d95423 |
||